00378nam a22001217a 4500020002200000084002600022100002100048245005600069250000900125260004900134300002000183650005300203 a978-623-8376-68-1 a173-0323 GUN His Bo.1 aI Ketut Gunawan  aEtnisitas dan Potensi Konflik di Ibu Kota Nusantara aKe-1 aSamarindabMulawarman University Pressc2025 ai-xii + 134 hlm aHistory (Sejarah)eH-I-SvSejarah Perjalanan IKN